[Event "2017 Standard Chess Dropout Tournament, Round 1"]
[Site "SchemingMind.com"]
[Date "2016.11.25"]
[Round "1"]
[White "Aba"]
[Black "buddhastalin"]
[Result "1-0"]
[WhiteCountry "ISR"]
[BlackCountry "USA"]
[WhiteElo "1752"]
[WhiteRD "76"]
[BlackElo "1676"]
[BlackRD "67"]
[GameID "406952"]

1. e4 e6 2. d4 d5 3. Nc3 Bb4 4. e5 c5 5. a3 Bxc3+ 6. bxc3 Nc6 7. Qg4 g6 8. f4 cxd4 9. Bd2 Nh6 10. Qh3 Nf5
11. g4 Ng7 12. Qh6 Kf8 13. cxd4 Nxd4 14. Bd3 Bd7 15. Rb1 Qc7 16. c3 Nb5 17. Bxb5
1-0

[Event "2017 Standard Chess Dropout Tournament, Round 1"]
[Site "SchemingMind.com"]
[Date "2016.11.25"]
[Round "1"]
[White "Abacist"]
[Black "Stephen Woodhouse"]
[Result "0-1"]
[WhiteCountry "USA"]
[BlackCountry "ENG"]
[WhiteElo "1489"]
[WhiteRD "216"]
[BlackElo "1883"]
[BlackRD "55"]
[GameID "406953"]

1. e4 e6 2. d4 d5 3. Nc3 Nf6 4. e5 Nfd7 5. f4 c5 6. Nf3 Nc6 7. Be3 cxd4 8. Bxd4 Bc5 9. Nb5 Nxd4 10. Nfxd4 a6
11. Nc3 Qb6 12. Nb3 Bf2+ 13. Ke2 Qe3#
0-1

[Event "2017 Standard Chess Dropout Tournament, Round 1"]
[Site "SchemingMind.com"]
[Date "2016.11.27"]
[Round "1"]
[White "Abstract Actuary"]
[Black "Adrian Grajczak"]
[Result "0-1"]
[WhiteCountry "USA"]
[BlackCountry "POL"]
[WhiteElo "1883"]
[WhiteRD "81"]
[BlackElo "1895"]
[BlackRD "86"]
[GameID "406954"]

1. e4 c5 2. d4 cxd4 3. c3 dxc3 4. Nxc3 e6 5. Bc4 a6 6. Nf3 Ne7 7. O-O Ng6 8. Qe2 Be7 9. Bf4 Nxf4 10. Qe3 Ng6
11. Rfd1 O-O 12. Rac1 Nc6 13. e5 Qa5 14. Re1 b5 15. Bb3 f6 16. exf6 Bxf6 17. Red1 Nce5 18. Nxe5 Bxe5 19. g3 Kh8 20. f4 Bxc3
21. Rxc3 d5 22. Qc5 Bb7 23. Qd6 Rae8 24. Re3 Rf6 25. a3 Qd8 26. Qc5 h5 27. Rde1 Nf8 28. Qd4 Qd6 29. Bc2 Rc8 30. Bd3 Qc5
31. Qe5 d4 32. Qxc5 Rxc5 33. R3e2 Rf7 34. f5 exf5 35. Re8 g6 36. Rd8 Rd5 37. Rb8 Kg7 38. Ree8 Nh7 39. h4 Nf6 40. Rh8 Re5
41. Kf2 Ne4+ 42. Bxe4 fxe4+ 43. Ke2 Rc5 44. Rbg8+ Kf6 45. Rh6 Rg7 46. Rf8+ Ke5 47. Re8+ Kf5 48. Rhh8 Rc2+ 49. Kd1 Rxb2
0-1

[Event "2017 Standard Chess Dropout Tournament, Round 1"]
[Site "SchemingMind.com"]
[Date "2016.11.29"]
[Round "1"]
[White "Alessandro Dotti Contra"]
[Black "NYNH"]
[Result "1-0"]
[WhiteCountry "ITA"]
[BlackCountry "USA"]
[WhiteElo "2183"]
[WhiteRD "102"]
[BlackElo "1966"]
[BlackRD "91"]
[GameID "406955"]

1. e4 c5 2. Nf3 d6 3. Bc4 Nf6 4. Nc3 Nbd7 5. O-O g6 6. d3 Bg7 7. Re1 O-O 8. Bg5 a6 9. a4 b6 10. Qd2 Re8
11. Nd5 Rb8 12. Nxf6+ exf6 13. Bf4 Ne5 14. Nxe5 dxe5 15. Be3 f5 16. exf5 gxf5 17. Bg5 Qd4 18. c3 Qg4 19. f3 Qh5 20. d4 b5
21. axb5 axb5 22. Bd5 cxd4 23. cxd4 f4 24. Bxf4 Rd8 25. Bxe5 Be6 26. Bxb8 Rxd5 27. g4 Qh3 28. Be5 Qxf3 29. Ra8+ Bf8 30. Qg5#
1-0

[Event "2017 Standard Chess Dropout Tournament, Round 1"]
[Site "SchemingMind.com"]
[Date "2016.11.25"]
[Round "1"]
[White "Henk Miedema"]
[Black "michel"]
[Result "0-1"]
[WhiteCountry "NED"]
[BlackCountry "CAN"]
[WhiteElo "881"]
[WhiteRD "64"]
[BlackElo "2410"]
[BlackRD "75"]
[GameID "406956"]

1. d4 Nf6 2. Nc3 b5 3. Nxb5 Bb7 4. Nf3 Na6 5. Bf4 d6 6. Qd3 e6 7. e3 Be7 8. Qc4 O-O 9. Nd2 Bd5 10. Qd3 Nb4
11. Qa3 Nxc2+
0-1

[Event "2017 Standard Chess Dropout Tournament, Round 1"]
[Site "SchemingMind.com"]
[Date "2016.11.25"]
[Round "1"]
[White "Andreas Flato"]
[Black "PION4290"]
[Result "1-0"]
[WhiteCountry "GER"]
[BlackCountry "CAN"]
[WhiteElo "1844"]
[WhiteRD "104"]
[BlackElo "1675"]
[BlackRD "79"]
[GameID "406957"]

1. e4 e5 2. Nf3 Nc6 3. d3 Bc5 4. Be2 h6 5. O-O Nf6 6. Nc3 d6 7. Be3 Bb4 8. h3 Bxc3 9. bxc3 Be6 10. Nd2 Qd7
11. Kh2 d5 12. f4 d4 13. cxd4 exd4 14. Bg1 Qe7 15. f5 Bd7 16. Nb3 Qe5+ 17. Kh1 O-O-O 18. Bh2 Qe7 19. a4 Rdg8 20. Qd2 g5
21. g3 g4 22. h4 Qe5 23. Rf4 Nh5 24. Rxg4 Rxg4 25. Bxg4 Nxg3+ 26. Kg2 Rg8 27. Kh3 Qg7 28. Qf4 Ne5 29. Bxg3 Qxg4+ 30. Qxg4 Nxg4
31. Nxd4 a6 32. a5 h5 33. Ne2 Ne3 34. c3 Nc2 35. Ra2 Ne3 36. Nf4 Nd1 37. Nxh5 Nxc3 38. Rc2 Nb5 39. Nf6 Rg7 40. h5 Rxg3+
41. Kxg3 Nd4 42. Rh2 Nxf5+ 43. exf5 Bxf5 44. d4 Kd8 45. Kf4 Bd3 46. Ne4 b5 47. axb6 cxb6 48. h6
1-0

[Event "2017 Standard Chess Dropout Tournament, Round 1"]
[Site "SchemingMind.com"]
[Date "2016.11.25"]
[Round "1"]
[White "ampp"]
[Black "Michal Drus"]
[Result "1-0"]
[WhiteCountry "POR"]
[BlackCountry "POL"]
[WhiteElo "1451"]
[WhiteRD "81"]
[BlackElo "1387"]
[BlackRD "85"]
[GameID "406958"]

1. e4 d6 2. d4 c5 3. Nf3 cxd4 4. Nxd4 e5 5. Nb3 Nf6 6. Nc3 Be7 7. Bd3 Bg4 8. Be2 Nc6 9. Bxg4 Nd4 10. Nxd4 Nxg4
11. Nf5 O-O 12. Qxg4 Bf6 13. Nd5 Rc8 14. Nxg7 Bxg7 15. Bh6
1-0

[Event "2017 Standard Chess Dropout Tournament, Round 1"]
[Site "SchemingMind.com"]
[Date "2016.11.28"]
[Round "1"]
[White "Apatchenlama"]
[Black "echecs"]
[Result "1-0"]
[WhiteCountry "GER"]
[BlackCountry "ENG"]
[WhiteElo "2000"]
[WhiteRD "78"]
[BlackElo "1843"]
[BlackRD "63"]
[GameID "406959"]

1. d4 d5 2. c4 c6 3. Nf3 Nf6 4. e3 e6 5. b3 Ne4 6. Bd3 Bb4+ 7. Nbd2 Nxd2 8. Bxd2 Bxd2+ 9. Qxd2 O-O 10. O-O Nd7
11. Rac1 Qf6 12. Rfe1 Qh6 13. b4 Nf6 14. Qc2 Re8 15. h3 a6 16. a4 dxc4 17. Qxc4 Nd5 18. b5 axb5 19. axb5 Bd7 20. Qb3 Nf6
21. Ne5 cxb5 22. Nxd7 Nxd7 23. Bxb5 Red8 24. Rc7 Nf6 25. Rxb7 Ne4 26. Bd3 Nd6 27. Rc7 Ra5 28. Qb4 Rg5 29. Qxd6 Rf8 30. Qf4 Qh5
31. Rec1 f6 32. Rc8 e5 33. Rxf8+ Kxf8 34. Qe4 Qxh3 35. Qa8+ Ke7 36. Rc7+
1-0

[Event "2017 Standard Chess Dropout Tournament, Round 1"]
[Site "SchemingMind.com"]
[Date "2016.11.30"]
[Round "1"]
[White "Apocalypse"]
[Black "Lambik"]
[Result "1-0"]
[WhiteCountry "USA"]
[BlackCountry "BEL"]
[WhiteElo "2475"]
[WhiteRD "87"]
[BlackElo "2200"]
[BlackRD "78"]
[GameID "406960"]

1. d4 Nf6 2. Nf3 g6 3. c3 c5 4. Bf4 Bg7 5. e3 d5 6. h3 Nc6 7. Be2 Qb6 8. Qc1 O-O 9. O-O Re8 10. Nbd2 Bf5
11. a4 cxd4 12. exd4 Ne4 13. Nxe4 Bxe4 14. b4 e5 15. Nxe5 Nxe5 16. a5 Qc6 17. dxe5 Bxe5 18. Bxe5 Rxe5 19. Qd2 Rae8 20. Rfe1 Qf6
21. Bf1 Bf5 22. Rxe5 Qxe5 23. g4 Be4 24. Re1 Rc8 25. Re3 Qf6 26. c4 a6 27. c5 Kg7 28. Qd1 Re8 29. Bg2 Re7 30. Qd2 Bxg2
31. Kxg2 Rd7 32. Rf3 Qe5 33. Qe3 f6 34. Kf1
1-0

[Event "2017 Standard Chess Dropout Tournament, Round 1"]
[Site "SchemingMind.com"]
[Date "2016.11.27"]
[Round "1"]
[White "bartleby en passant"]
[Black "Wojtek26"]
[Result "1-0"]
[WhiteCountry "IRL"]
[BlackCountry "POL"]
[WhiteElo "1740"]
[WhiteRD "92"]
[BlackElo "1573"]
[BlackRD "51"]
[GameID "406961"]

1. e4 e5 2. Bc4 Nf6 3. Nc3 Bc5 4. a3 O-O 5. d3 h6 6. Nf3 Nc6 7. O-O a6 8. Be3 Bxe3 9. fxe3 d6 10. h3 b5
11. Bd5 Nxd5 12. Nxd5 Be6 13. b4 Bxd5 14. exd5 Ne7 15. e4 Ng6 16. Qe1 f5 17. Qg3 Nf4 18. Rae1 fxe4 19. dxe4 Qb8 20. Kh1 Kh7
21. Rf2 Qe8 22. Qh4 Ng6 23. Qg4 Nf4= 24. Nh4 Qh5 25. Rxf4 Qxg4 26. Rxg4 Rf2 27. Rc1 Raf8 28. Kg1 Re2 29. Nf5 g6 30. Ng3 Rd2
31. Nf1 Rdf2 32. Rg3 h5 33. Nh2 Rd2 34. Rf3 Kg7 35. Rxf8 Kxf8 36. Kf1 Ke7 37. Nf3
1-0

[Event "2017 Standard Chess Dropout Tournament, Round 1"]
[Site "SchemingMind.com"]
[Date "2016.11.26"]
[Round "1"]
[White "bmariusz"]
[Black "Dom P"]
[Result "1-0"]
[WhiteCountry "POL"]
[BlackCountry "ENG"]
[WhiteElo "1440"]
[WhiteRD "77"]
[BlackElo "1407"]
[BlackRD "91"]
[GameID "406962"]

1. e4 d6 2. f4 Nd7 3. Nc3 e5 4. Nf3 exf4 5. d4 g6 6. Bxf4 Bg7 7. Bc4 c5 8. Nb5 cxd4 9. Nxd6+ Ke7 10. Nxf7 Qf8
11. Bd6+ Ke8 12. Bxf8 Bxf8 13. Nxh8
1-0

[Event "2017 Standard Chess Dropout Tournament, Round 1"]
[Site "SchemingMind.com"]
[Date "2016.11.28"]
[Round "1"]
[White "Mike Winslow"]
[Black "Alessandro Dotti Contra"]
[Result "0-1"]
[WhiteCountry "USA"]
[BlackCountry "ITA"]
[WhiteElo "1894"]
[WhiteRD "93"]
[BlackElo "2204"]
[BlackRD "102"]
[GameID "406963"]

1. d4 d5 2. c4 e6 3. Nc3 Nf6 4. Nf3 Be7 5. Bf4 O-O 6. e3 Nc6 7. cxd5 exd5 8. h3 Bf5 9. Be2 a6 10. O-O Ne4
11. Rc1 Nxc3 12. Rxc3 Bb4 13. Rb3 Rb8 14. Qc1 Bd6 15. Bxa6 Na5 16. Bxd6 cxd6 17. Be2 Nxb3 18. axb3 Qb6 19. Qd2 Qxb3 20. Rc1 Rbc8
21. Bd1 Qd3 22. Rxc8 Rxc8 23. Kh2 Qxd2 24. Nxd2 Bc2 25. Bf3 b5 26. Bxd5 Bd3 27. Be4 Bxe4 28. Nxe4 Rc2 29. Nxd6 Rxb2 30. Kg3 b4
31. Nc4 Rc2 32. Na5 Kf8 33. Kf3 g5 34. g4 Rc3 35. Ke4 b3 36. Nxb3 Rxb3 37. f4 f6 38. d5 Ke7 39. Kd4 Kd6 40. fxg5 fxg5
41. e4 Rxh3 42. e5+ Ke7 43. Ke4 h5
0-1

[Event "2017 Standard Chess Dropout Tournament, Round 1"]
[Site "SchemingMind.com"]
[Date "2016.11.26"]
[Round "1"]
[White "Brian Pott"]
[Black "Abstract Actuary"]
[Result "1-0"]
[WhiteCountry "AUS"]
[BlackCountry "USA"]
[WhiteElo "2313"]
[WhiteRD "87"]
[BlackElo "1866"]
[BlackRD "80"]
[GameID "406964"]

1. e4 d6 2. d4 Nf6 3. Nc3 g6 4. f4 Bg7 5. Nf3 O-O 6. Bd3 c5 7. dxc5 dxc5 8. e5 Nd5 9. Nxd5 Qxd5 10. Qe2 Nc6
11. Be4 Qd7 12. Be3 b6 13. Rd1 Qc7 14. O-O Bb7 15. c3 Rad8 16. Rc1 e6 17. b4 Nxb4 18. Bxb7 Nxa2 19. Qxa2 Qxb7 20. Rb1 Ra8
21. Bxc5 Rfc8 22. Bd4 Bf8 23. Qe2 Bc5 24. Ng5 Bxd4+ 25. cxd4 Qd5 26. Rbd1 h6 27. Ne4 Kf8 28. Nf6 Qb7 29. d5 exd5 30. f5 gxf5
31. Qe3 d4 32. Qxh6+ Ke7 33. Rxd4 Rh8 34. Qg5 Rad8 35. Ng8+
1-0

[Event "2017 Standard Chess Dropout Tournament, Round 1"]
[Site "SchemingMind.com"]
[Date "2016.11.26"]
[Round "1"]
[White "Ingemar Assarsjö"]
[Black "Apatchenlama"]
[Result "0-1"]
[WhiteCountry "SWE"]
[BlackCountry "GER"]
[WhiteElo "1879"]
[WhiteRD "160"]
[BlackElo "2000"]
[BlackRD "78"]
[GameID "406965"]

1. e4 e6 2. d4 d5 3. Nc3 Nf6 4. Bg5 Bb4 5. e5 h6 6. exf6 hxg5 7. fxg7 Rg8 8. h4 Nc6 9. Bb5 Bd7 10. hxg5 Qxg5
11. Qf3 Qxg7 12. Ne2 O-O-O 13. g3 e5 14. O-O-O Bg4 15. Qd3 e4 16. Qe3 Bf3 17. Rh2 Be7 18. Bxc6 bxc6 19. Re1 Bf6 20. Kb1 Kb8
21. Qh6 Qxh6 22. Rxh6 Rd6 23. Rh7 Rg7 24. Rh8+ Kb7 25. Rf8 Rh7 26. Ng1 Bxd4 27. Nxf3 exf3 28. Nd1 Rdh6 29. c3 Rh1 30. Rxh1 Rxh1
31. Kc2 Bxf2 32. Nxf2 Rh2 33. Rxf7 Rxf2+ 34. Kb3 c5 35. g4 c4+ 36. Ka3 Kb6 37. g5 c5 38. g6 Rg2 39. Rf6+ Kb5 40. Rxf3 Rxg6
41. Rf5 Ra6#
0-1

[Event "2017 Standard Chess Dropout Tournament, Round 1"]
[Site "SchemingMind.com"]
[Date "2016.11.30"]
[Round "1"]
[White "Robert Bruce"]
[Black "Dan Geana"]
[Result "0-1"]
[WhiteCountry "SCO"]
[BlackCountry "ROU"]
[WhiteElo "2344"]
[WhiteRD "63"]
[BlackElo "2543"]
[BlackRD "104"]
[GameID "406966"]

1. c4 c5 2. Nf3 Nc6 3. d4 cxd4 4. Nxd4 e6 5. Nc3 Nf6 6. a3 Be7 7. e4 O-O 8. Nf3 Qc7 9. Be2 b6 10. O-O Bb7
11. Bg5 h6 12. Bh4 d6 13. Qc2 g5 14. Bg3 Nh5 15. Rad1 Nxg3 16. hxg3 Rac8 17. Nb5 Qb8 18. Qd3 Ne5 19. Nxe5 dxe5 20. Qe3 a6
21. Nc3 Bc5 22. Qd2 Rfd8 23. Qc2 a5 24. Bd3 Ba6 25. Rfe1 Bd4 26. Qb3 Qc7 27. Nb5 Bxb5 28. Qxb5 h5 29. Be2 g4 30. Qb3 Qc5
31. Rf1 Kg7 32. a4 Qe7 33. Qb5 Bc5 34. Qb3 Rxd1 35. Bxd1 Qg5 36. Bc2 h4 37. Rd1 Qf6 38. Rf1 Rh8 39. Bd1 Qh6 40. Bxg4 hxg3
41. Bh3 Qf4 42. Qf3 gxf2+ 43. Rxf2 Qxf3 44. gxf3 Bxf2+
0-1

[Event "2017 Standard Chess Dropout Tournament, Round 1"]
[Site "SchemingMind.com"]
[Date "2016.11.26"]
[Round "1"]
[White "Brennan Price"]
[Black "Marco_M"]
[Result "1-0"]
[WhiteCountry "USA"]
[BlackCountry "ITA"]
[WhiteElo "2125"]
[WhiteRD "103"]
[BlackElo "2033"]
[BlackRD "106"]
[GameID "406967"]

1. e4 e5 2. Nf3 Nc6 3. Bb5 a6 4. Ba4 Nf6 5. O-O b5 6. Bb3 Bb7 7. d3 Be7 8. Re1 O-O 9. a4 d6 10. Nbd2 Na5
11. Ba2 c5 12. Nf1 Re8 13. Ne3 Bf8 14. Bd2 b4 15. Ng5 Re7 16. c3 bxc3 17. Bxc3 Rb8 18. f4 Nc6 19. Rf1 Bc8 20. fxe5 dxe5
21. Nd5 Rd7 22. Nxf6+ gxf6 23. Qh5
1-0

[Event "2017 Standard Chess Dropout Tournament, Round 1"]
[Site "SchemingMind.com"]
[Date "2016.11.30"]
[Round "1"]
[White "Buckaroo Bob"]
[Black "Brian Pott"]
[Result "1-0"]
[WhiteCountry "USA"]
[BlackCountry "AUS"]
[WhiteElo "2306"]
[WhiteRD "108"]
[BlackElo "2265"]
[BlackRD "90"]
[GameID "406968"]

1. c4 Nf6 2. Nc3 g6 3. e4 d6 4. d4 Bg7 5. Bd3 O-O 6. Nge2 Nc6 7. O-O e5 8. d5 Ne7 9. f3 Nd7 10. Bg5 f6
11. Be3 f5 12. Kh1 f4 13. Bf2 g5 14. b4 h5 15. c5 Nf6 16. Rc1 g4 17. Nb5 b6 18. cxd6 cxd6 19. Nc7 Rb8 20. Qb3 Ne8
21. Ne6 Bxe6 22. dxe6 Kh8 23. Rfd1 Ng6 24. Nc3 Nc7 25. Nb5 Nxb5 26. Bxb5 Rg8 27. Rc3 Bf8 28. Rdc1 a5 29. Rc7 axb4 30. Rf7 Rg7
31. Rf5 Rh7 32. Be2 g3 33. hxg3 fxg3 34. Bxg3 Nh4 35. Rxe5 dxe5 36. Bxe5+ Rg7 37. Qe3 Kg8 38. e7 Qxe7 39. Bxb8 Rxg2 40. Bf1 Rg6
41. Rc8 Qg7 42. Qf2 Kh7 43. Qxh4 Rg1+ 44. Kh2 Rxf1 45. Qxh5+ Qh6 46. Qxh6+ Bxh6 47. Kg3 Rg1+ 48. Kf2 Ra1 49. Rc2 Rd1 50. f4 Rd8
51. Be5 Rd3 52. f5 Kg8 53. Rc8+ Kf7 54. Rc7+
1-0

[Event "2017 Standard Chess Dropout Tournament, Round 1"]
[Site "SchemingMind.com"]
[Date "2016.11.26"]
[Round "1"]
[White "buddhastalin"]
[Black "FransEvers"]
[Result "0-1"]
[WhiteCountry "USA"]
[BlackCountry "NED"]
[WhiteElo "1650"]
[WhiteRD "69"]
[BlackElo "1927"]
[BlackRD "117"]
[GameID "406969"]

1. d4 Nf6 2. Bg5 Ne4 3. Bf4 c5 4. e3 d5 5. Bd3 Qa5+ 6. c3 Nf6 7. Nf3 c4 8. Bc2 e6 9. Nbd2 Nc6 10. O-O Be7
11. Re1 Bd7 12. e4 h6 13. e5 Nh5 14. Bg3 Nxg3 15. hxg3 O-O-O 16. Qe2 Rdf8 17. Nf1 Qc7 18. Ne3 f6 19. Ng4 h5 20. exf6 gxf6
21. Ne3 b5 22. a4 a6 23. axb5 axb5 24. Ra6 Nb8 25. Ra8 Bc6 26. Ra2 Bb7 27. Rea1 Nc6 28. b3 Qd6 29. bxc4 bxc4 30. Ba4 Kc7
31. Bxc6 Qxc6 32. Nh4 Rh7 33. Ng6 Re8 34. Nxe7 Rexe7 35. Nc2 Kd8 36. Nb4 Qc8 37. Na6 Ke8 38. Nc5 Kf7 39. Qc2 Kg7 40. Ra7 Kh6
41. Qd2+ Kg6 42. Qf4 e5 43. dxe5 Rxe5 44. Nxb7 Rxb7 45. R7a6 Qf5 46. Qd4 Rb1+
0-1

[Event "2017 Standard Chess Dropout Tournament, Round 1"]
[Site "SchemingMind.com"]
[Date "2016.11.30"]
[Round "1"]
[White "DANDYLIONHONEYBADGER"]
[Black "Phil28"]
[Result "0-1"]
[WhiteCountry "USA"]
[BlackCountry "ENG"]
[WhiteElo "1275"]
[WhiteRD "74"]
[BlackElo "1981"]
[BlackRD "169"]
[GameID "406971"]

1. e4 e6 2. Nf3 d5 3. exd5 exd5 4. c3 Bd6 5. d4 Nf6 6. Bd3 O-O 7. O-O Nc6 8. h3 Be6 9. Nbd2 Qd7 10. Ng5 Bf5
11. Bxf5 Qxf5 12. h4 h6 13. Ndf3 hxg5 14. hxg5 Ne4 15. Nh4 Qh7 16. Qg4 Rae8 17. f3 Ng3 18. g6 Ne2+
0-1

[Event "2017 Standard Chess Dropout Tournament, Round 1"]
[Site "SchemingMind.com"]
[Date "2016.11.26"]
[Round "1"]
[White "Diadoco"]
[Black "John Hamer"]
[Result "1-0"]
[WhiteCountry "MEX"]
[BlackCountry "ENG"]
[WhiteElo "2005"]
[WhiteRD "84"]
[BlackElo "1959"]
[BlackRD "71"]
[GameID "406972"]

1. e4 e5 2. Bc4 Nf6 3. d4 exd4 4. Nf3 Nc6 5. e5 Ne4 6. O-O d5 7. exd6 Nxd6 8. Bd5 Be7 9. Bxc6+ bxc6 10. Nxd4 Bb7
11. Nb3 O-O 12. Nc3 Nc4 13. Qg4 Ba6 14. Rd1 Qc8 15. Qe4 Qe8 16. Na4 Rd8 17. Bf4 Bd6 18. Qf3 Ne5 19. Bxe5 Bxe5 20. Rxd8 Qxd8
21. Qxc6 Bc8 22. Nbc5 Qe7 23. Nd3 Bd7 24. Qc4 Bd6 25. Nac5 Bc6 26. Re1 Qf6 27. Ne4 Qg6 28. g3 Bb7 29. Nxd6 Qxd6 30. Qc5 Qf6
31. Re3 Ba6 32. Qxc7 Qd4 33. Qc5 Qf6 34. Qxa7 Bb5= 35. a4 Bc4 36. Qb7 Rd8 37. Qe4 Be6 38. Nc5 Rd4 39. Qe5 Qd8 40. Nxe6
1-0

[Event "2017 Standard Chess Dropout Tournament, Round 1"]
[Site "SchemingMind.com"]
[Date "2016.11.28"]
[Round "1"]
[White "dode"]
[Black "felixkronlage"]
[Result "0-1"]
[WhiteCountry "SCO"]
[BlackCountry "GER"]
[WhiteElo "996"]
[WhiteRD "121"]
[BlackElo "1287"]
[BlackRD "76"]
[GameID "406973"]

1. e4 e5 2. Nf3 Nc6 3. Nc3 Nf6 4. h4 Bb4 5. d4 exd4 6. Nxd4 Nxe4 7. Qd3 d5 8. a3 Bxc3+ 9. bxc3 O-O 10. Bf4 Re8
11. g3 Nc5+ 12. Kd2 Nxd3 13. cxd3 Nxd4 14. cxd4 c6 15. Be2 Qa5+ 16. Kc2 Rxe2+ 17. Kb3 Qb5+ 18. Kc3 Qb2#
0-1

[Event "2017 Standard Chess Dropout Tournament, Round 1"]
[Site "SchemingMind.com"]
[Date "2016.11.26"]
[Round "1"]
[White "Dom P"]
[Black "Ed Mason"]
[Result "0-1"]
[WhiteCountry "ENG"]
[BlackCountry "WLS"]
[WhiteElo "1407"]
[WhiteRD "91"]
[BlackElo "1640"]
[BlackRD "100"]
[GameID "406974"]

1. e4 e5 2. Nf3 Nc6 3. g3 d5 4. Qe2 dxe4 5. Qxe4 Nf6 6. Qe2 Bg4 7. Bg2 e4 8. c3 Be7 9. Qe3 exf3 10. Bxf3 Bxf3
11. Qxf3 O-O 12. O-O Qd5 13. Qf4 Qe5 14. Qf3 Qh5 15. Qg2 Qd5 16. d4 Rad8 17. Bg5 Qxg5
0-1

[Event "2017 Standard Chess Dropout Tournament, Round 1"]
[Site "SchemingMind.com"]
[Date "2016.11.28"]
[Round "1"]
[White "echecs"]
[Black "Mekk"]
[Result "0-1"]
[WhiteCountry "ENG"]
[BlackCountry "POL"]
[WhiteElo "1863"]
[WhiteRD "66"]
[BlackElo "1823"]
[BlackRD "104"]
[GameID "406975"]

1. e4 e6 2. d4 d5 3. e5 c5 4. c3 Nc6 5. Nf3 Bd7 6. Be2 Rc8 7. O-O Qb6 8. a3 a5 9. Re1 a4 10. b4 axb3
11. Bb2 c4 12. Nbd2 Nge7 13. Nh4 Ng6 14. Nxg6 hxg6 15. Nf3 Be7 16. Qd2 f6 17. Qf4 Kd8 18. Bd1 f5 19. Ng5 Kc7 20. Bf3 Kb8
21. Qg3 Nxd4 22. cxd4 c3 23. Bxc3 Rxc3 24. Red1 b2 25. Rab1 Bxa3 26. Nf7 Rhc8 27. Nd6 R8c6
0-1

[Event "2017 Standard Chess Dropout Tournament, Round 1"]
[Site "SchemingMind.com"]
[Date "2016.11.25"]
[Round "1"]
[White "Ed Mason"]
[Black "Marc Wakeham"]
[Result "0-1"]
[WhiteCountry "WLS"]
[BlackCountry "WLS"]
[WhiteElo "1640"]
[WhiteRD "100"]
[BlackElo "1576"]
[BlackRD "79"]
[GameID "406976"]

1. e4 d6 2. d4 Nf6 3. Nc3 g6 4. Bc4 Bg7 5. f4 Nxe4 6. Nxe4 d5 7. Nf3 dxc4 8. c3 O-O 9. Qe2 Be6 10. Ne5 Nd7
11. Nxc4 a6 12. O-O b5 13. Ne5 Nxe5 14. fxe5 Rc8 15. Bf4 c6 16. Rad1 Bc4 17. Qg4 Bxf1 18. Rxf1 Qd5 19. Ng3 Qxa2 20. Rf2 Qe6
21. Qxe6 fxe6 22. Ne4 a5 23. Nc5 a4 24. Nxe6 Rfe8 25. Rd2 Ra8 26. Nc7 Rf8 27. Nxa8 Rxa8 28. d5 cxd5 29. Rxd5 a3 30. bxa3 Rxa3
31. Rxb5 Rxc3 32. e6 Bd4+ 33. Kf1 Kg7 34. Rf5 gxf5
0-1

[Event "2017 Standard Chess Dropout Tournament, Round 1"]
[Site "SchemingMind.com"]
[Date "2016.11.26"]
[Round "1"]
[White "edg"]
[Black "surfnsuds"]
[Result "1-0"]
[WhiteCountry "USA"]
[BlackCountry "USA"]
[WhiteElo "1675"]
[WhiteRD "71"]
[BlackElo "1333"]
[BlackRD "73"]
[GameID "406977"]

1. Nf3 Nf6 2. b3 d5 3. Bb2 e6 4. e3 c5 5. Bb5+ Nbd7 6. Ne5 a6 7. Bxd7+ Nxd7 8. Qf3 Nxe5 9. Bxe5 Bd6 10. Bxg7 Rg8
11. Bc3 Qg5 12. g3 Qg6 13. d3 e5 14. Qxd5 Ra7 15. Bxe5 Ke7 16. Nd2 b6 17. Nc4 Rd8 18. Bxd6+
1-0

[Event "2017 Standard Chess Dropout Tournament, Round 1"]
[Site "SchemingMind.com"]
[Date "2016.11.29"]
[Round "1"]
[White "emvarela"]
[Black "chesshub"]
[Result "0-1"]
[WhiteCountry "ARG"]
[BlackCountry "FRA"]
[WhiteElo "1724"]
[WhiteRD "55"]
[BlackElo "2570"]
[BlackRD "87"]
[GameID "406978"]

1. e4 e5 2. Nf3 Nc6 3. Bb5 a6 4. Bxc6 dxc6 5. O-O Qf6 6. d3 Ne7 7. Bg5 Qe6 8. Bxe7 Bxe7 9. Nbd2 O-O 10. c3 c5
11. Nc4 f6 12. Qe2 Qf7 13. b3 b6 14. Rad1 Rd8 15. Ne3 Bf8 16. d4 exd4 17. cxd4 cxd4 18. Rxd4 Bb7 19. Rfd1 Rxd4 20. Rxd4 Bc5
21. Rc4 a5 22. Qc2 Rd8 23. Nf1 Ba6 24. Rc3 Qd7 25. e5 Qd1
0-1

[Event "2017 Standard Chess Dropout Tournament, Round 1"]
[Site "SchemingMind.com"]
[Date "2016.11.28"]
[Round "1"]
[White "Phillip Beckett"]
[Black "bmariusz"]
[Result "1-0"]
[WhiteCountry "ENG"]
[BlackCountry "POL"]
[WhiteElo "1571"]
[WhiteRD "61"]
[BlackElo "1441"]
[BlackRD "81"]
[GameID "406979"]

1. e4 e5 2. Nf3 Nc6 3. Bb5 a6 4. Ba4 Nf6 5. O-O Be7 6. Re1 b5 7. Bb3 O-O 8. d4 d6 9. c3 Bg4 10. Be3 Nxe4
11. Bd5 exd4 12. cxd4 Nb4 13. Bxe4 d5 14. Bc2 Bxf3 15. gxf3 Bd6 16. Nd2 Re8 17. Nf1 Nxc2 18. Qxc2 Qf6 19. Kg2 Re6 20. Ng3 Rae8
21. Qf5 Qxf5 22. Nxf5 Bf8 23. Rec1 g6 24. Ng3 c6 25. Rc2 Be7 26. Rac1 Rc8 27. h3 Kg7 28. Ne2 g5 29. Ng3 Kg6 30. f4 gxf4
31. Bxf4 h6 32. Be5 f6 33. f4 f5 34. Kf3 a5 35. Nf1 Kf7 36. Ne3 c5 37. Nxd5 c4 38. Ne3 Rg6 39. Nxf5 a4 40. Nxe7 Kxe7
41. b3 Rgc6 42. bxa4 b4 43. Rb2 Rb6 44. Rg2 Re6 45. Rg7+ Kf8 46. Rcg1 Rce8 47. Ke4 b3 48. Kf5 bxa2 49. Bc7 Re5+ 50. dxe5 Rxe5+
51. Bxe5 Ke8 52. Ke6 c3 53. Rg8#
1-0

[Event "2017 Standard Chess Dropout Tournament, Round 1"]
[Site "SchemingMind.com"]
[Date "2016.11.27"]
[Round "1"]
[White "felixkronlage"]
[Black "Brennan Price"]
[Result "0-1"]
[WhiteCountry "GER"]
[BlackCountry "USA"]
[WhiteElo "1309"]
[WhiteRD "81"]
[BlackElo "2088"]
[BlackRD "105"]
[GameID "406980"]

1. c4 Nf6 2. d3 e5 3. e4 Nc6 4. Nf3 Bc5 5. Be3 d6 6. Qa4 Bxe3 7. fxe3 Ng4 8. h3 Nxe3 9. c5 Bd7 10. Kd2 Nd4
11. Qc4 Nxc4+ 12. dxc4 dxc5 13. Nxe5 Qg5+ 14. Kc3 Qxe5 15. Nd2 Ba4 16. b3 Nxb3+ 17. Kd3 O-O-O+ 18. Ke3 Rxd2 19. axb3 Qd4+ 20. Kf4 Qf2+
21. Ke5 Qf6#
0-1

[Event "2017 Standard Chess Dropout Tournament, Round 1"]
[Site "SchemingMind.com"]
[Date "2016.11.26"]
[Round "1"]
[White "flammablepawn"]
[Black "Holty"]
[Result "1-0"]
[WhiteCountry "USA"]
[BlackCountry "ENG"]
[WhiteElo "1835"]
[WhiteRD "111"]
[BlackElo "1825"]
[BlackRD "61"]
[GameID "406981"]

1. b4 e5 2. Bb2 d6 3. e4 g6 4. c4 Nf6 5. d3 Bg7 6. Nc3 c6 7. Nf3 O-O 8. Be2 h6 9. O-O Be6 10. Qc2 Nbd7
11. d4 exd4 12. Nxd4 Ne5 13. Nxe6 fxe6 14. f4 Ned7 15. Rad1 Qe7 16. Rd2 Rad8 17. Rfd1 Ne8 18. g3 b6 19. Bg4 Ndf6 20. Bf3 h5
21. e5 Ng4 22. Bxg4 hxg4 23. Qxg6 Rf7 24. Qxg4 d5 25. a3 Nc7 26. cxd5 cxd5 27. Ne4 Rff8 28. Nf6+
1-0